banner koha

Atracao de cigarrinha da raiz Mahanarva fimbriolata (Stal, 1854)(Homoptera, Cercopidae), por luzes de diferentes comprimentos de onda [cana de acucar, Brasil] (Registro n. 96261)

MARC details
000 -LÍDER
campo de controle de tamanho fixo 00890nas a2200277 4500
001 - NÚMERO DE CONTROLE
campo de controle BR7700884
003 - IDENTIFICADOR DO NÚMERO DE CONTROLE
campo de controle BR-BrBNA
005 - DATA E HORÁRIO DA ÚLTIMA TRANSAÇÃO
campo de controle 20231205083058.0
007 - CAMPO FIXO DE DESCRIÇÃO FÍSICA--INFORMAÇÃO GERAL
campo de controle de tamanho fixo ta
008 - CAMPO DE DADOS FIXOS--INFORMAÇÃO GERAL
campo de controle de tamanho fixo 230509b bl.|||p| |||| 00| 00por d
040 ## - FONTE DA CATALOGAÇÃO
Instituição da catalogação original BR-BrBNA
Idioma da catalogação por
Instituição que transcreveu o registro Biblioteca Nacional de Agricultura
041 ## - CÓDIGO DE IDIOMA
Código do idioma do texto/trilha sonora ou título diferente (Pt)
072 ## - CÓDIGO DE CATEGORIA DE ASSUNTO
Código de Categoria de Assunto H10
100 1# - ENTRADA PRINCIPAL--NOME PESSOAL
Nome pessoal Botelho, P.S.M.
100 1# - ENTRADA PRINCIPAL--NOME PESSOAL
Nome pessoal Mendes, A. de C.
100 1# - ENTRADA PRINCIPAL--NOME PESSOAL
Nome pessoal Macedo, N.
100 1# - ENTRADA PRINCIPAL--NOME PESSOAL
Nome pessoal Silveira Neto, S.
245 1# - TÍTULO
Título Atracao de cigarrinha da raiz Mahanarva fimbriolata (Stal, 1854)(Homoptera, Cercopidae), por luzes de diferentes comprimentos de onda [cana de acucar, Brasil]
650 ## - ASSUNTO--TERMO TÓPICO
Cabeçalho tópico ou nome geográfico CANA DE ACUCAR
650 ## - ASSUNTO--TERMO TÓPICO
Cabeçalho tópico ou nome geográfico CIGARRINHA
650 ## - ASSUNTO--TERMO TÓPICO
Cabeçalho tópico ou nome geográfico RAIZ
650 ## - ASSUNTO--TERMO TÓPICO
Cabeçalho tópico ou nome geográfico RADIACAO LUMINOSA
773 0# - ENTRADA ANALÍTICA
Título Brasil Acucareiro (Brazil)
ISSN - International Standard Serial Number ISSN 0006-9167
Partes relacionadas (Sep 1976), v. 88(3) p. 37-42
Número de controle do registro BR7700884
909 ## -
-- 202311
-- Lúcia
-- 55
-- Lúcia Elande
942 ## - ELEMENTOS DE ENTRADA ADICIONADOS (KOHA)
Fonte da classificação ou esquema de arquivamento na estante Classificação AGRIS
Ocultar no OPAC Não
Tipo de material Koha Analítica
Exemplares
Situação do descarte Fonte da classificação ou esquema de arquivamento na estante Situação física Não pode ser emprestado Biblioteca de origem Biblioteca atual Localização na estante Enumeração do periódico / cronologia Total de empréstimos Data de último acesso Número do exemplar Tipo de material Koha Fonte de aquisição
  Classificação AGRIS   Consulta local Biblioteca Nacional de Agricultura - Binagri Biblioteca Nacional de Agricultura - Binagri   (Sep 1976), v. 88(3) p. 37-42   29/11/2023 01 Periódicos Portaria Interministerial nº 164/94

BINAGRI

Telefone: (61)3218-2567/2388/3357/2097 - binagri@agro.gov.br

Ministério da Agricultura e Pecuária , Esplanada dos Ministérios, Bloco D, Anexo B, Brasília/DF, CEP: 70.043-900